Die Toponyme vorarabischen Ursprungs im modernen Ägypten : ein Katalog /

محفوظ في:

المؤلف الرئيسي: Peust, Carsten.

التنسيق: كتاب

اللغة: German

منشور في: Göttingen : Seminar für Ägyptologie und Koptologie der Univ., 2010.

سلاسل: Göttinger Miszellen. Beihefte ; Nr. 8.
GMB ; Nr. 8.

الموضوعات:

الوسوم: إضافة وسم

لا توجد وسوم, كن أول من يضع وسما على هذه التسجيلة!

رقم الطلب: PJ1004 .G51 v.8

LEADER 00788nam a22002297a 4500
003 OSt
005 20251013070954.0
008 251013t2010 gw b 001 0 ger d
040 |c ARCE Library 
050 1 4 |a PJ1004   |b .G51 v.8 
100 1 |a Peust, Carsten. 
245 1 0 |a Die Toponyme vorarabischen Ursprungs im modernen Ägypten :   |b ein Katalog /   |c Carsten Peust. 
264 1 |a Göttingen :   |b Seminar für Ägyptologie und Koptologie der Univ.,   |c 2010. 
300 |a 120 pages ;   |c 22 cm. 
490 0 |a Göttinger Miszellen. Beihefte ;   |v Nr. 8. 
490 0 |a GMB ;   |v Nr. 8. 
504 |a Includes bibliographical references (pages 104-114) and index. 
650 0 |a Language and languages. 
650 0 |a Names, Geographical -- Egypt. 
901 |a reviewed 
942 |2 lcc  |c BK 
999 |c 49473  |d 49473